000
00273nam a2200121Ia 4500
005
20251222141759.0
008
251222s9999||||xx |||||||||||||| ||spa||
082
_a
828.9/O75/2003
100
_a
Orwell, George
245
0
_a
1984
264
_b
Planeta DeAgostini
942
_c
LIB
999
_c
6086
_d
6086